| 000 | 00472nam a2200157Ia 4500 | ||
|---|---|---|---|
| 008 | 240729s9999 xx 000 0 und d | ||
| 022 | _a2322-4835 | ||
| 245 | 0 | _aInternational Journal of Community Based Nursing and Midwifery | |
| 260 | _aIran, Islamic Republic of | ||
| 260 | _bShiraz University of Medical Sciences | ||
| 650 | _a Nursing | ||
| 650 | _aMedicine | ||
| 856 | _uhttps://doaj.org/toc/6fc3d5996b3e4b88a4ee6dc1f781f3e9 | ||
| 942 | _2ddc | ||
| 942 | _cDOAJEJ | ||
| 999 |
_c71274 _d71274 |
||
| 945 |
_a1 _bMadushi Gamage _c1 _dMadushi Gamage |
||